[Event "7th ECCW"]
[Site "Antalya TUR"]
[Date "2002.10.02"]
[Round "4"]
[White "Zivkovic,Ves"]
[Black "Mashinskaya,I"]
[Result "0-1"]
[WhiteElo "2181"]
[BlackElo "2306"]

1.d4 d5 2.Nf3 Nf6 3.c4 c6 4.Nc3 dxc4 5.a4 Bf5 6.Nh4 Bg4 7.h3 Bh5 8.g4 Bg6
9.Nxg6 hxg6 10.e4 e5 11.g5 exd4 12.gxf6 dxc3 13.Qxd8+ Kxd8 14.Bg5 Kc8 15.bxc3 Nd7
16.Rb1 gxf6 17.Be3 b6 18.Bxc4 Nc5 19.Bd4 Be7 20.a5 b5 21.Be2 Nd7 22.h4 c5
23.Be3 a6 24.Bf3 Ne5 25.Bg2 Rd8 26.Ke2 Nc4 27.Bf4 Bd6 28.Bc1 Be5 29.Rh3 Nxa5
30.Be3 Nc4 31.Bxc5 Rd2+ 32.Ke1 Rc2 33.Bd4 Bxd4 34.cxd4 Kc7 35.Ra1 a5 36.Bf1 a4
37.f4 Rd8 38.d5 f5 39.Kd1 Rd2+ 40.Kc1 Rd4 41.exf5 R8xd5 42.Bxc4 Rxc4+ 43.Kb2 Rxf5
44.Re1 Kb6 45.Rd1 Rcxf4  0-1

[Event "Eu Blitz Ch"]
[Site "Panormo GRE"]
[Date "2002.10.03"]
[Round "17"]
[White "Ruck,R"]
[Black "Popov,Val"]
[Result "1/2-1/2"]
[WhiteElo "2572"]
[BlackElo "2568"]

1.Nf3 d5 2.d4 c6 3.c4 Nf6 4.Nc3 dxc4 5.a4 Bf5 6.Ne5 e6 7.Nxc4 c5 8.dxc5 Qxd1+
9.Nxd1 Bxc5 10.f3 Bc2 11.e4 Nc6 12.Be3 Bb4+ 13.Kf2 O-O-O 14.Be2 Bd3 15.Nc3 Bxe2
16.Kxe2 Nd4+ 17.Kf2 Bxc3 18.bxc3 Nc2 19.Rab1 Nxe3 20.Kxe3 Rd7 21.Rhd1 Rhd8
22.Rd4 Rc7 23.Kd3 Ne8 24.a5 f6 25.Rb5 Rcd7 26.Ke3 Nc7 27.Rb1 e5 28.Rxd7 Rxd7
29.h4 Ne6 30.g3 Nc5 31.Rb5 Na4 32.f4 Nxc3 33.Rc5+ Rc7 34.Nd6+ Kd7 35.Rxc7+ Kxc7
36.Ne8+ Kd7 37.Nxg7 b5 38.axb6 axb6 39.Kd3 exf4 40.gxf4 Nb5 41.Nf5 Nd6 42.Nd4 Ke7
43.e5 fxe5 44.fxe5 Nb7 45.Ke4 Nc5+ 46.Kd5 Nd3 47.Nf5+ Kd8 48.e6 Nc5 49.Kd6 Ne4+
50.Ke5 Nc3 51.Kf6 Nd5+ 52.Kf7 b5 53.e7+ Nxe7 54.Nxe7 Kd7 55.Nd5 Kd6 56.Nb4 Kc5
57.Nd3+ Kc4 58.Ne5+ Kd5 59.Nd3 Kc4 60.Nb2+ Kc3 61.Nd1+ Kc2 62.Ne3+ Kd3 63.Nd5 Kc4
64.Ke6 h5 65.Ke5 b4 66.Nc3 Kxc3 67.Ke4  1/2-1/2

[Event "FSIMB Oct"]
[Site "Budapest HUN"]
[Date "2002.10.07"]
[Round "3"]
[White "Dub,Z"]
[Black "Sallai,K"]
[Result "1/2-1/2"]
[WhiteElo "2270"]
[BlackElo "2194"]

1.d4 d5 2.c4 c6 3.Nf3 Nf6 4.Nc3 dxc4 5.a4 Bf5 6.Ne5 Nbd7 7.Nxc4 Nb6 8.Ne5 a5
9.f3 Nfd7 10.Nxd7 Nxd7 11.e4 Bg6 12.Be3 Qb6 13.Qd3 e5 14.Rd1 O-O-O 15.Qc2 Kb8
16.Qf2 exd4 17.Bxd4 Bc5 18.Bc4 Bxd4 19.Rxd4 Ne5 20.Rxd8+ Qxd8 21.Be2 Nd3+
22.Bxd3 Qxd3 23.Qd2 Rd8 24.Qxd3 Rxd3 25.Ke2 Rd4 26.Rd1 Rxd1  1/2-1/2

[Event "EuYCh B16"]
[Site "Peniscola ESP"]
[Date "2002.10.07"]
[Round "8"]
[White "Blokh,D"]
[Black "Murariu,A"]
[Result "0-1"]
[WhiteElo "2221"]
[BlackElo "2401"]

1.d4 d5 2.c4 c6 3.Nf3 Nf6 4.Nc3 dxc4 5.a4 Bf5 6.Ne5 e6 7.f3 Bb4 8.e4 Bxe4
9.fxe4 Nxe4 10.Bd2 Qxd4 11.Nxe4 Qxe4+ 12.Qe2 Bxd2+ 13.Kxd2 Qd5+ 14.Kc2 Na6
15.Nxc4 O-O-O 16.Qe5 f6 17.Qe3 Kb8 18.Be2 e5 19.g3 Qe6 20.Rhd1 Nb4+ 21.Kb3 Nd5
22.Qf2 f5 23.a5 g5 24.Qc5 f4 25.Ka3 e4 26.Re1 Qg6 27.gxf4 gxf4 28.a6 b6 29.Qd4 Rhe8
30.Rg1 Qe6 31.Qg7 Re7 32.Qg5 Rf8 33.Bg4 Qf6 34.Qxf6 Nxf6 35.Bd1 Nd5 36.Bc2 e3
37.Rae1 f3 38.Rgf1 b5 39.Na5 Kc7 40.Nb3 f2 41.Re2 Nf4 42.Bd1 Nxe2 43.Bxe2 Rg8
44.Nd4 Rg1 45.Kb4 Kb6 46.Kc3 c5 47.Nf5 Rxf1 48.Nxe7 Re1  0-1

[Event "ch-ESP Open"]
[Site "Ayamonte ESP"]
[Date "2002.10.08"]
[Round "5"]
[White "Mascaro March,P"]
[Black "Martin Vazquez,J"]
[Result "1-0"]
[WhiteElo "2320"]
[BlackElo "2218"]

1.d4 d5 2.c4 c6 3.Nf3 Nf6 4.Nc3 dxc4 5.a4 Bf5 6.Ne5 e6 7.f3 Bb4 8.e4 Bxe4
9.fxe4 Nxe4 10.Bd2 Qxd4 11.Nxe4 Qxe4+ 12.Qe2 Bxd2+ 13.Kxd2 Qd5+ 14.Kc2 O-O
15.Nxc4 Na6 16.Qe5 Rac8 17.Be2 Rfd8 18.Rad1 Nb4+ 19.Kb3 Qxe5 20.Nxe5 Rxd1
21.Rxd1 Nd5 22.Bh5 Rc7 23.a5 g6 24.Bf3 f6 25.Nd3 Kf7 26.Nc5 Ke7 27.Re1 Kd6
28.Kc4 Re7 29.Rd1 b5+ 30.axb6 axb6 31.Ne4+ Kc7 32.Rd2 Ne3+ 33.Kb3 Nd5 34.Rd1 Rd7
35.Nf2 Rf7 36.g3 Rd7 37.Ra1 Kb7 38.Ng4 Rf7 39.Rf1 f5 40.Ne5 Rc7 41.Rc1 b5
42.Nd3 Kb6 43.Re1 Re7 44.Bxd5 cxd5 45.Kb4 Kc6 46.Ra1 d4 47.Ne5+ Kd5 48.Re1 g5
49.b3 f4 50.gxf4 gxf4 51.Kxb5 Re8 52.Nd7 d3 53.Nf6+ Kd4 54.Nxe8 e5 55.Nd6 d2
56.Rh1 f3 57.Nc4 Kc3 58.Nxe5  1-0

[Event "FSFMB Oct"]
[Site "Budapest HUN"]
[Date "2002.10.08"]
[Round "4"]
[White "Vargyas,Z"]
[Black "Koczo,K"]
[Result "1-0"]
[WhiteElo "2123"]
[BlackElo "2092"]

1.d4 d5 2.c4 c6 3.Nc3 Nf6 4.Nf3 dxc4 5.a4 Bf5 6.e3 e6 7.Bxc4 Bb4 8.O-O O-O
9.Nh4 Bg4 10.f3 Bh5 11.g4 Bg6 12.e4 Nbd7 13.Ng2 c5 14.Na2 Qb6 15.Nxb4 Qxb4
16.b3 Rfd8 17.Ba3 Qc3 18.dxc5 Nxc5 19.Qe1 Qe5 20.Qg3 Qd4+ 21.Qf2 Qxf2+ 22.Kxf2 Rd2+
23.Kg3 Rc8 24.Bxc5 Rxc5 25.Rad1 Rxd1 26.Rxd1 Rc8 27.h4 h6 28.Nf4 Kf8 29.Nxg6+ fxg6
30.Bxe6 Rc3 31.Kf4 g5+ 32.hxg5 hxg5+ 33.Kxg5 Rxf3 34.Rd4 Nh7+ 35.Kh4 Ke7
36.Bf5 Nf8 37.b4 Kf6 38.g5+ Ke7 39.Kg4 Rc3 40.Kf4 g6 41.Bg4 Ra3 42.a5 Rc3
43.e5 a6 44.Ke4 Rg3 45.Kd5 Rc3 46.Rc4 Rxc4 47.Kxc4 Nh7 48.Bc8 Nxg5 49.Kd5 Nf3
50.Bxb7 g5 51.Bxa6 g4 52.Be2 Nh2 53.Bd3 g3 54.Be4 Nf1 55.Kd4 Nd2 56.Bd5 Nf1
57.a6  1-0

[Event "1st Yemen Open"]
[Site "Sanaa YEM"]
[Date "2002.10.09"]
[Round "4"]
[White "Husari,Sa"]
[Black "Al Badani,A"]
[Result "1-0"]
[WhiteElo "2358"]
[BlackElo "2101"]

1.d4 d5 2.c4 c6 3.Nf3 Nf6 4.Nc3 dxc4 5.a4 Bf5 6.e3 e6 7.Bxc4 Bb4 8.O-O O-O
9.Nh4 Bg6 10.Nxg6 hxg6 11.f3 c5 12.Na2 Nc6 13.Bb5 Qb6 14.Bxc6 bxc6 15.Qb3 a5
16.Nxb4 Qxb4 17.Qxb4 cxb4 18.e4 Nd7 19.Be3 e5 20.Rac1 exd4 21.Bxd4 Rfc8 22.Rfd1 Nf8
23.Be3 Ne6 24.Rc4 c5 25.Rd5 Rc6 26.Kf2 Rac8 27.Ke2 Kf8 28.f4 Ke7 29.f5 gxf5
30.exf5 Nd4+ 31.Bxd4 cxd4 32.Rxc6 Rxc6 33.Kd3 b3 34.Rxa5 Rc2 35.Re5+ Kf6
36.Re2 Rc7 37.Kxd4 Kxf5 38.Re5+ Kf4 39.Rc5 Re7 40.Kd3 Re3+ 41.Kc4 Re2 42.Kxb3 Rxg2
43.a5 Rxh2 44.Rc7 g5 45.Rxf7+ Ke5 46.Ka3 g4 47.Rg7 Kf5 48.b4 Rh3+ 49.Ka4 g3
50.a6 Kf4 51.a7 Rh1 52.b5 Ra1+ 53.Kb4 g2 54.b6 Kf3 55.Kb5 Kf2 56.Kc6 Ra3
57.Kb7 Rg3 58.Rxg3  1-0

[Event "TCh-SWE"]
[Site "Helsingborg SWE"]
[Date "2002.10.11"]
[Round "1"]
[White "Olsson,L"]
[Black "Furhoff,J"]
[Result "1/2-1/2"]
[WhiteElo "2291"]
[BlackElo "2302"]

1.d4 d5 2.c4 c6 3.Nf3 Nf6 4.Nc3 dxc4 5.a4 Bf5 6.e3 e6 7.Bxc4 Bb4 8.O-O O-O
9.Qb3 c5 10.Na2 Nc6 11.Nxb4 Na5 12.Qa2 cxb4 13.b3 Nxc4 14.bxc4 a5 15.Qe2 Rc8
16.Bb2 Nd7 17.Nd2 Bg6 18.e4 f6 19.h4 h5 20.Rfd1 Qc7 21.Rdc1 b6 22.Qf3 Rfd8
23.g4 Ne5 24.dxe5 Rxd2 25.gxh5 Bxh5 26.Qxh5 Rxb2 27.exf6 Qf4 28.Rf1 Qxf6
29.Rad1 Rf8 30.f4 Qc3 31.Qf3 Qxc4 32.Rd7 Qc6 33.Rfd1 Rb1 34.Rxg7+ Kxg7 35.Qg4+ Kf7
36.Qh5+ Ke7 37.Qg5+ Rf6 38.Qg7+ Rf7 39.Qg5+ Kf8 40.Qd8+ Qe8 41.Qd6+ Qe7 42.Qb8+ Qe8
43.Qd6+ Qe7 44.Qb8+ Kg7 45.Rxb1 Qc7 46.Qxc7 Rxc7 47.Kf2 Rc3 48.Rd1 b3 49.Ke2 b5
50.axb5 a4 51.Kd2 Rc5 52.Rb1 Rxb5 53.Kc3 Kh6 54.Kb2 Rb4 55.Re1 Rc4 56.Ka3 Kh5
57.f5 e5 58.Rf1 Kxh4 59.f6 Rc8 60.Kxa4 b2 61.f7 Rf8 62.Kb3 Rxf7 63.Rh1+ Kg3
64.Kxb2 Rd7 65.Rf1 Rd4 66.Kc2 Rxe4  1/2-1/2

[Event "TCh-SWE"]
[Site "Helsingborg SWE"]
[Date "2002.10.13"]
[Round "3"]
[White "Ziegler,A"]
[Black "Welin,T"]
[Result "0-1"]
[WhiteElo "2361"]
[BlackElo "2375"]

1.d4 d5 2.Nf3 Nf6 3.c4 c6 4.Nc3 dxc4 5.a4 Bf5 6.Ne5 Nbd7 7.Nxc4 Qc7 8.g3 e5
9.dxe5 Nxe5 10.Bf4 Rd8 11.Qc1 Bd6 12.Nxd6+ Qxd6 13.Bg2 O-O 14.O-O a5 15.Qe3 Nfg4
16.Qb6 Qb4 17.Qxb4 axb4 18.Ne4 Ng6 19.Bc7 Rd7 20.Bb6 Bxe4 21.Bxe4 Rd2 22.b3 Re8
23.Rfd1 Rb2 24.Rab1 Ra2 25.f3 Nf6 26.Bxg6 hxg6 27.e4 Nh7 28.Rd8 Rxd8 29.Bxd8 Nf8
30.Be7 Ne6 31.Rd1 c5 32.f4 b6 33.Bd8 Nxd8 34.Rxd8+ Kh7 35.Rd3 Rc2 36.Re3 f6
37.e5 fxe5 38.fxe5 Kg8 39.e6 Kf8 40.e7+ Ke8 41.Re6 c4  0-1

[Event "TCh-BEL 2001-2"]
[Site "Belgium BEL"]
[Date "2002.10.15"]
[Round "10"]
[White "Denayer,E"]
[Black "Krijgelmans,J"]
[Result "1-0"]
[WhiteElo "2201"]
[BlackElo "2181"]

1.d4 d5 2.c4 c6 3.Nc3 Nf6 4.Nf3 dxc4 5.a4 Bf5 6.e3 e6 7.Bxc4 Bb4 8.O-O Nbd7
9.Qe2 Bg6 10.e4 O-O 11.e5 Nd5 12.Bd2 Qa5 13.Rfc1 N5b6 14.Bd3 c5 15.Bxg6 fxg6
16.Nb5 Bxd2 17.Nxd2 cxd4 18.Nf3 Nd5 19.Nbxd4 Rae8 20.Qb5 Qxb5 21.axb5 b6
22.Rxa7 Nc5 23.Rd1 Ra8 24.Rda1 Rxa7 25.Rxa7 h6 26.Nc6 Rf4 27.Nfd4 Re4 28.g3 Re1+
29.Kg2 Rb1  1-0

[Event "TCh-BEL 2001-2"]
[Site "Belgium BEL"]
[Date "2002.10.16"]
[Round "11"]
[White "Groffen,H"]
[Black "Cuijpers,F"]
[Result "0-1"]
[WhiteElo "2221"]
[BlackElo "2458"]

1.d4 d5 2.c4 c6 3.Nf3 Nf6 4.Nc3 dxc4 5.a4 Bf5 6.e3 e6 7.Bxc4 Bb4 8.O-O Nbd7
9.Nh4 Bg6 10.Qb3 Qb6 11.Na2 Be7 12.Nxg6 hxg6 13.Qxb6 axb6 14.Nc3 g5 15.e4 b5
16.Bd3 e5 17.Be3 b4 18.Ne2 Ng4 19.h3 exd4 20.Bxd4 Nge5 21.Rfd1 Bc5 22.b3 Bxd4
23.Nxd4 Nc5 24.Bc2 O-O-O 25.f3 Rd7 26.Nf5 Rhd8 27.Rxd7 Rxd7 28.Rd1 Ne6 29.Rxd7 Kxd7
30.Kf2 g6 31.Ng3 Kd6 32.Ne2 c5 33.Ke3 c4 34.g3 Kc5 35.f4 gxf4+ 36.gxf4 Nc6
37.bxc4 Na5 38.f5 Nxc4+ 39.Kd3 Ne5+ 40.Ke3 Nc4+ 41.Kd3 Ng5 42.fxg6 fxg6 43.Nf4 Ne5+
44.Ke3 Kc4 45.h4 Ngf7 46.Ne6 Kc3 47.Bd1 Nc4+ 48.Ke2 Nfe5 49.Nf4 Nb2 50.Nd5+ Kc4
51.Ne3+ Kd4 52.Bc2 Kc3 53.Nd5+ Kxc2 54.Nxb4+ Kc3 55.Nd5+ Kd4  0-1

[Event "TCh-BEL 2001-2"]
[Site "Belgium BEL"]
[Date "2002.10.16"]
[Round "11"]
[White "Goormachtigh,J"]
[Black "Wemmers,X"]
[Result "1/2-1/2"]
[WhiteElo "2284"]
[BlackElo "2270"]

1.d4 d5 2.c4 c6 3.Nf3 Nf6 4.Nc3 dxc4 5.a4 Bf5 6.e3 e6 7.Bxc4 Bb4 8.O-O Nbd7
9.Qe2 Bg4 10.Rd1 Qa5 11.e4 Qh5 12.e5 Nd5  1/2-1/2

[Event "TCh-BEL 2002-3"]
[Site "Belgium BEL"]
[Date "2002.10.20"]
[Round "2"]
[White "Meessen,R"]
[Black "Maitesian,S"]
[Result "1-0"]
[WhiteElo "2250"]
[BlackElo "2305"]

1.d4 d5 2.c4 c6 3.Nf3 Nf6 4.Nc3 dxc4 5.a4 Bf5 6.Nh4 Bg4 7.h3 Bh5 8.g4 Bg6
9.Nxg6 hxg6 10.e4 e5 11.Bxc4 exd4 12.e5 Bb4 13.exf6 dxc3 14.Qe2+ Kf8 15.fxg7+ Kxg7
16.O-O Rxh3 17.Kg2 Rh7 18.Bf4 Nd7 19.Rad1 cxb2 20.Be5+ f6 21.Bg3 Kh8 22.Rh1 Qe7
23.Rxh7+ Kxh7 24.Qxb2 Nb6 25.Bd3 Kg7 26.g5 Nd5 27.gxf6+ Nxf6 28.Be5 Bd6 29.Bxd6 Qxd6
30.Qxb7+ Qd7 31.Qxd7+ Nxd7 32.Be4 Ne5 33.f4 Nc4 34.Rd7+ Kf6 35.Rc7 Na5 36.Kf3 g5
37.Bxc6 Rd8 38.Bb5 a6 39.fxg5+ Kxg5 40.Bxa6 Nb3 41.Rc3 Rb8 42.Ke3 Kf5 43.Bb5 Rg8
44.Bd3+ Ke5 45.Rxb3 Rg4 46.Rb5+ Kd6 47.Be4 Rg3+ 48.Kd4 Ra3 49.Rb4 Kc7 50.Kc5 Rc3+
51.Rc4 Rb3 52.Bd5 Rh3 53.a5 Kb8 54.Rg4 Rh7 55.Rg8+ Kc7 56.a6  1-0

[Event "TCh-BEL 2002-3"]
[Site "Belgium BEL"]
[Date "2002.10.20"]
[Round "2"]
[White "Bertrem,S"]
[Black "Vermeulen,B"]
[Result "1/2-1/2"]
[WhiteElo "2197"]
[BlackElo "2210"]

1.d4 d5 2.c4 c6 3.Nf3 Nf6 4.Nc3 dxc4 5.a4 Bf5 6.e3 e6 7.Bxc4 Bb4 8.O-O O-O
9.Nh4 Nbd7 10.Nxf5 exf5 11.Qb3 Qb6 12.Rd1 Rad8 13.Bd2 Qa5 14.Ne4 Bxd2 15.Nxd2 Nb6
16.Bd3 g6 17.Qa3 Nbd5 18.Nb3 Qb4 19.Nc5 Rb8 20.a5 Rfd8 21.Qa2 Nd7 22.Rac1 Nxc5
23.Rxc5 Rbc8 24.Rdc1 b6 25.axb6 axb6 26.R5c4 Qd6 27.Qb3 Rc7 28.g3 Rdc8 29.Be2 Rb8
30.Bf3 Kf8 31.Qa3 Rd8 32.Rxc6 Qxa3 33.bxa3 Ra7 34.Bxd5 Rxd5 35.Rxb6 Rxa3
36.Rb7 Rd6 37.Rcc7 Rf6 38.Kg2 Ra2 39.h4 Rd2 40.Kf1 h6 41.Ke1 Ra2 42.d5 Ra1+
43.Ke2 Ra2+ 44.Kd3 Rxf2 45.Kd4 Kg7 46.Rc6 Rd2+ 47.Kc5 Rc2+ 48.Kb6 Rd2 49.Rd7 g5
50.Kc7 Rd3 51.hxg5 hxg5 52.d6 Rxe3 53.Re7 Rxg3 54.d7 Rd3 55.Re8 f4 56.d8=Q Rxd8
57.Rxd8 Rxc6+ 58.Kxc6 f3 59.Rd3 g4 60.Rd4 Kf6 61.Rxg4 Ke5 62.Rg1 Ke4 63.Re1+  1/2-1/2

[Event "TCh-FIN 2002-3"]
[Site "Finland FIN"]
[Date "2002.10.20"]
[Round "3"]
[White "Koskinen,Hen"]
[Black "Sorri,K"]
[Result "1-0"]
[WhiteElo "2336"]
[BlackElo "2263"]

1.d4 d5 2.c4 c6 3.Nf3 Nf6 4.Nc3 dxc4 5.a4 Bf5 6.e3 e6 7.Bxc4 Bb4 8.O-O Nbd7
9.Qe2 O-O 10.Ne5 h6 11.Nd3 Be7 12.a5 b5 13.axb6 axb6 14.Rxa8 Qxa8 15.e4 Bh7
16.f3 b5 17.Bb3 Nb6 18.Be3 Nfd7 19.Rc1 Bd6 20.Nc5 Kh8 21.Na2 Rb8 22.Nb4 Bxc5
23.dxc5 Nc4 24.Bxc4 bxc4 25.Qxc4 Bg8 26.Qc3 Qa4 27.Bxh6 e5 28.Bd2 f6 29.f4 Be6
30.f5 Bf7 31.Qa3 Nxc5 32.Qxa4 Nxa4 33.Rxc6 Nxb2 34.Rc7 Bg8 35.Nc6 Ra8 36.h3 Nc4
37.Bb4 Nb2 38.Ne7 Nd3 39.Ng6+ Kh7 40.Bf8 Kh6 41.Bxg7+ Kg5 42.Rc6 Ra1+ 43.Kh2 Nf2
44.Bxf6+ Kh6 45.Bxe5 Rh1+ 46.Kg3 Nxe4+ 47.Kh4 Bd5 48.Rc8  1-0

[Event "TCh-FIN 2002-3"]
[Site "Finland FIN"]
[Date "2002.10.20"]
[Round "3"]
[White "Salo,Ta"]
[Black "Karttunen,M"]
[Result "0-1"]
[WhiteElo "2309"]
[BlackElo "2434"]

1.Nf3 Nf6 2.c4 c6 3.d4 d5 4.Nc3 dxc4 5.a4 Bf5 6.e3 e6 7.Bxc4 Bb4 8.O-O O-O
9.Nh4 Bg6 10.Nxg6 hxg6 11.Qc2 a5 12.Rd1 Qe7 13.g3 Nbd7 14.Bf1 Rfd8 15.Bg2 e5
16.Qb3 Nf8 17.dxe5 Rxd1+ 18.Qxd1 Rd8 19.Qc2 Qxe5 20.Bd2 Ne6 21.Be1 Qf5 22.Qe2 Nc5
23.e4 Qe6 24.e5 Nb3 25.Rb1 Nd4 26.Qe3 Ng4 27.Qe4 Nxe5 28.Rd1 Bc5 29.Kh1 f5
30.Qb1 Rd7 31.h3 Nef3 32.Bd2 Nxd2 33.Rxd2 Re7 34.Qd3 g5 35.Kh2 g6 36.Nd1 Rd7
37.Kh1 Kh8 38.Ne3 f4 39.gxf4 gxf4 40.Ng4 Qe1+ 41.Bf1 Nf3  0-1

[Event "10th Chigorin Mem B"]
[Site "St Petersburg RUS"]
[Date "2002.10.27"]
[Round "3"]
[White "Mukhin,G"]
[Black "Fazulyanov,S"]
[Result "1-0"]
[WhiteElo "2375"]
[BlackElo "2255"]

1.Nf3 Nf6 2.d4 d5 3.c4 c6 4.Nc3 dxc4 5.a4 Bf5 6.e3 e6 7.Bxc4 Bb4 8.O-O Nbd7
9.Qe2 O-O 10.e4 Bg4 11.Rd1 Qa5 12.h3 Bxf3 13.Qxf3 c5 14.e5 Ne8 15.Qxb7 Nb6
16.Bd3 cxd4 17.Nb5 Rd8 18.Nxa7 Qc5 19.Qe4 g6 20.Nc6 Rd5 21.Nxb4 Qxb4 22.Bd2 Qe7
23.a5 Nd7 24.Bc4 f5 25.exf6 Nexf6 26.Qh4 Re5 27.Qxd4 Re4 28.Qc3 Ne5 29.Bf1 Nd5
30.Qg3 Nf4 31.Be3 Rf5 32.a6 Rg5 33.a7  1-0

[Event "Olympiad"]
[Site "Bled SLO"]
[Date "2002.10.29"]
[Round "4"]
[White "Asabri,Hu"]
[Black "Thamtavatvorn,T"]
[Result "1/2-1/2"]
[WhiteElo "2326"]
[BlackElo "2128"]

1.d4 d5 2.Nf3 Nf6 3.c4 c6 4.Nc3 dxc4 5.a4 Bf5 6.e3 e6 7.Bxc4 Bb4 8.O-O Bg6
9.Qb3 Qe7 10.Ne5 O-O 11.a5 a6 12.Nxg6 hxg6 13.e4 Bxc3 14.bxc3 Nxe4 15.Ba3 c5
16.Qc2 Nd6 17.Bxc5 Qc7 18.Bd3 Nd7 19.Bb4 Rfc8 20.Qe2 Nf5 21.Rfb1 Nf6 22.Be4 Nd5
23.Bxd5 exd5 24.Qf3 Qd7 25.Bc5 Rc6 26.Re1 Re6 27.Rxe6 Qxe6 28.g3 Re8 29.Rb1 Qd7
30.Kg2 Re4 31.Qd3 Qa4 32.Kf1 Qxa5 33.Rxb7 Qa2 34.Rb8+ Kh7 35.Rb1 a5 36.Re1 Rxe1+
37.Kxe1 a4 38.Qd1 Qc4 39.Kd2 a3 40.Qa1 a2 41.Kc2 Qe2+ 42.Kb3 Qxf2 43.Qxa2 Qf3
44.Qd2 Ne3 45.Ka4 Nc4 46.Qc2 Qf6 47.Bb4 Qa6+ 48.Kb3 Ne3 49.Qd2 Qc4+ 50.Ka3 Ng4
51.Qf4 f5 52.h3 Nf6 53.g4 Qd3 54.gxf5 gxf5 55.h4 Qe4 56.Qxe4 Nxe4 57.Kb3 f4
58.Kc2 f3 59.Kd3 f2 60.Ke2 Kg6 61.Bf8 Kf7 62.Ba3 g6 63.Bc1 Ke6 64.Be3 Kf5
65.Bxf2 Nxc3+ 66.Kf3 Ne4 67.Be1 Nf6 68.Bg3 Ne4 69.Be1 Nd6 70.Bd2 Ne8 71.Be1 Nc7
72.Bf2 Ne6 73.Be3  1/2-1/2

[Event "Olympiad w"]
[Site "Bled SLO"]
[Date "2002.10.29"]
[Round "4"]
[White "Larusdottir,A"]
[Black "Bayrak,A"]
[Result "0-1"]
[WhiteElo "2020"]
[BlackElo "1869"]

1.d4 d5 2.c4 c6 3.Nf3 Nf6 4.Nc3 dxc4 5.a4 Bf5 6.e3 e6 7.Bxc4 Bb4 8.O-O Nbd7
9.Qe2 Qa5 10.Bd2 O-O 11.e4 Bg6 12.Bd3 Rfd8 13.Bg5 e5 14.Na2 Be7 15.dxe5 Nxe5
16.Nxe5 Qxe5 17.Bxf6 Bxf6 18.Nc3 Rd7 19.Bc2 Qc5 20.Ra3 Rad8 21.Nb1 Bh5 22.g4 Bxg4
23.Qxg4 Qxc2 24.Rh3 Rd1 25.Na3 Qc1 26.Rxd1 Rxd1+  0-1

[Event "Olympiad"]
[Site "Bled SLO"]
[Date "2002.11.02"]
[Round "8"]
[White "Yarmonov,I"]
[Black "Poulsen,Ma"]
[Result "0-1"]
[WhiteElo "2355"]
[BlackElo "2160"]

1.d4 d5 2.c4 c6 3.Nc3 Nf6 4.Nf3 dxc4 5.a4 Bf5 6.e3 e6 7.Bxc4 Bb4 8.O-O O-O
9.Nh4 Bg4 10.f3 Nd5 11.fxg4 Qxh4 12.g3 Qe7 13.Qd3 Nd7 14.Bb3 Bd6 15.Bc2 g6
16.Bb3 Rad8 17.Kg2 Nb4 18.Qe2 e5 19.Ne4 Bb8 20.Qf3 Nd5 21.Nc3 Nc7 22.Ba2 Ne6
23.d5 Ng5 24.Qe2 e4 25.Bd2 Nf6 26.dxc6 Nf3 27.Rad1 Nxg4 28.Nd5 Qg5 29.c7 Bxc7
30.Nxc7 Rxd2 31.Rxd2 Nxe3+ 32.Kh1 Nxf1 33.Bxf7+ Rxf7 34.Ne6 Nxg3+ 35.hxg3 Qxd2  0-1

[Event "Olympiad"]
[Site "Bled SLO"]
[Date "2002.11.08"]
[Round "13"]
[White "Bermudez,S"]
[Black "Collins,S"]
[Result "0-1"]
[WhiteElo "2160"]
[BlackElo "2372"]

1.d4 d5 2.c4 c6 3.Nf3 Nf6 4.Nc3 dxc4 5.a4 Bf5 6.Bg5 Ne4 7.Nxe4 Bxe4 8.Qd2 Qd5
9.Bf4 Na6 10.Rc1 e6 11.Qd1 Bxf3 12.gxf3 Bb4+ 13.Bd2 Qxd4 14.Bxb4 Qxd1+ 15.Kxd1 Nxb4
16.Rxc4 O-O-O+ 17.Kc1 a5 18.f4 Rd6 19.Bg2 Rhd8 20.Bf3 Rd4 21.Rxd4 Rxd4 22.e3 Nd3+
23.Kc2 Nb4+ 24.Kc1 Rc4+ 25.Kb1 g6 26.h4 Rc2 27.Rh2 h5 28.Rg2 Rd2 29.Rh2 Nd3
30.Be4 Rxb2+ 31.Ka1 Rxf2  0-1

[Event "ch-ISR"]
[Site "Tel Aviv ISR"]
[Date "2002.11.30"]
[Round "6"]
[White "Gershon,A"]
[Black "Roiz,M"]
[Result "1/2-1/2"]
[WhiteElo "2562"]
[BlackElo "2512"]

1.d4 Nf6 2.c4 c6 3.Nc3 d5 4.Nf3 dxc4 5.a4 Bf5 6.Ne5 Nbd7 7.Nxc4 Nb6 8.Ne5 a5
9.g3 e6 10.Bg2 Bb4 11.O-O h6 12.e3 O-O 13.Qe2 Bh7 14.Rd1 Qe7 15.e4 Rfd8 16.Bf4 Rac8
17.Na2 Bd6 18.Nc1 Nfd7 19.Nxd7 Rxd7 20.Bd2 Bb4 21.Nb3 Ra8 22.Bc3 e5 23.d5 cxd5
24.exd5 Rc8 25.Bh3 f5 26.Qxe5 Qxe5 27.Bxe5 Nxd5 28.Bg2 Rcd8 29.Rac1 Nb6 30.Rxd7 Rxd7
31.Bd4 Nd5 32.Rc8+ Kf7 33.Bxd5+ Rxd5 34.Rc7+ Ke8 35.Rxb7 f4 36.Rb8+ Kf7 37.Bc3 Bc2
38.Bxb4 Bxb3 39.Bxa5 Bxa4 40.Bc3 Bc6 41.f3 fxg3 42.hxg3 Rd3 43.Rc8 Bxf3 44.Rc7+ Ke6
45.Rxg7 h5 46.Kf2 Be4 47.Rg5 Rd5 48.Rg8 Bh7 49.Rh8 Rd7 50.Ke3 Kf5 51.b4 Re7+
52.Kf3 Rd7 53.Rf8+ Kg5 54.Be5 Rd3+ 55.Ke2 Rb3 56.Bd6 Be4 57.Bc5 Bc6 58.Rg8+ Kf5
59.Kd2 Be4 60.Be7 Ke6 61.Bc5 Kf5 62.Rg7 Rd3+ 63.Ke2 Rb3 64.Rf7+ Ke5 65.Re7+ Kf5
66.Bd6 Bc6 67.Kd2 Ba4 68.Re5+ Kg4 69.Re4+ Kf5 70.Re5+ Kg6 71.Ra5 Bd7 72.Bf4 Bf5
73.Ra6+ Kf7 74.Rb6 Ke7 75.Rh6 Be4 76.Be5 Kd7 77.Bc3 Bf3 78.Kc2 Ra3 79.Kb2 Ra8
80.b5 Rb8 81.b6 Rg8 82.Be5 Rg5 83.Rh7+ Ke6 84.Bf4 Rb5+ 85.Kc3 Kf5 86.Bc7 Ke6
87.Kd4 Bg2 88.Bf4 Bf3 89.Ke3 Bg2 90.Kd4 Bf3 91.Rh6+ Kd7 92.Bc7 Bg2 93.Rh8 Ke6
94.Rf8 Bb7 95.Kc4 Ba6 96.Kd4 Bb7 97.Rb8 Bg2 98.Rh8 Bf3 99.Re8+ Kd7 100.Rd8+ Ke7
101.Rd6 Bg2 102.Kc4 Bf1+ 103.Kc3 Bg2 104.Rd1 Bb7 105.Ra1 Bd5 106.Kd4 Kd7
107.Rc1 Bf3 108.Rc3 Bg2 109.Rc2 Bb7 110.Ra2 Bd5 111.Ra1 Bf3 112.Rf1 Bb7 113.Rf2 Ke6
114.Ra2 Rb1 115.Kc5 Rc1+ 116.Kb5 Rb1+ 117.Ka5 Rd1 118.Rc2 Rd5+ 119.Kb4 Rd4+
120.Kc3 Rd5 121.Ra2 Kd7 122.Kc4 Rd1 123.Rh2 Bf3 124.Rf2 Bb7 125.Rf5 Rc1+
126.Kb3 Rh1 127.Rc5 Bf3 128.Be5 Rb1+ 129.Bb2 Rg1 130.Rc7+ Kd6 131.Ba3+ Ke6
132.Rg7 h4 133.Re7+ Kf6 134.gxh4  1/2-1/2

[Event "Rotary Open"]
[Site "Lindsborg Kansas USA"]
[Date "2002.12.18"]
[Round "2"]
[White "Muhammad,S"]
[Black "Nambiar,V"]
[Result "1-0"]
[WhiteElo "2368"]
[BlackElo "2246"]

1.d4 d5 2.Nf3 Nf6 3.c4 c6 4.Nc3 dxc4 5.a4 Bf5 6.Ne5 e6 7.f3 c5 8.e4 cxd4
9.exf5 Bb4 10.fxe6 fxe6 11.Bd2 dxc3 12.bxc3 Qd5 13.Nxc4 Bc5 14.Ne3 Qe5 15.Bb5+ Nc6
16.Qe2 O-O 17.Bxc6 bxc6 18.Nc4 Qd5 19.Rd1 Rad8 20.Be3 Qxd1+ 21.Qxd1 Rxd1+
22.Kxd1 Bxe3 23.Nxe3 Nd5 24.Kd2 Rf4 25.Ra1 a5 26.Kd3 Nb6 27.c4 Kf8 28.g3 Rxf3
29.Ke2 Rf7 30.Rb1 Nd7 31.Rb7 Nc5 32.Rb8+ Ke7 33.Ra8 Kd6 34.Rxa5 Rb7 35.h4 h5
36.Ra8 Ke5 37.Kf3 Rf7+ 38.Kg2 Kd4 39.Nf1 Kxc4 40.Rc8 Kd5 41.Ne3+ Ke5 42.a5 Ne4
43.Rxc6 Rf2+ 44.Kg1 Ra2 45.Rc2 Ra4 46.Kg2 Kd4 47.Kf3 Kd3 48.Rc7 Nd2+ 49.Kf2 Ne4+
50.Kf3 Nd2+ 51.Kf2 Ra2 52.Rd7+ Ke4 53.Nd1 Nf3+ 54.Kf1 Rxa5 55.Nf2+ Ke5 56.Rxg7 Ra1+
57.Kg2 Ne1+ 58.Kh3 Nf3 59.Rh7 Kd4 60.Rxh5 Ra2 61.Nd1 Rd2 62.Rh8 Kd3 63.Rf8 Ng1+
64.Kg4 Rxd1 65.Rd8+ Ke2 66.Rxd1 Kxd1 67.h5 Ke2 68.h6 Nf3 69.Kf4 e5+ 70.Kf5 e4
71.h7  1-0

[Event "Rotary Open"]
[Site "Lindsborg Kansas USA"]
[Date "2002.12.18"]
[Round "2"]
[White "Paschall,W"]
[Black "Donaldson,J"]
[Result "0-1"]
[WhiteElo "2463"]
[BlackElo "2418"]

1.d4 d5 2.c4 c6 3.Nf3 Nf6 4.Nc3 dxc4 5.a4 Bf5 6.e3 e6 7.Bxc4 Bb4 8.O-O O-O
9.Qe2 Nbd7 10.e4 Bg6 11.Bd3 Bh5 12.e5 Nd5 13.Ne4 c5 14.Ng3 Bxf3 15.Qxf3 cxd4
16.Qe4 g6 17.Qxd4 Qc7 18.Bh6 Rfc8 19.Rac1 Bc5 20.Qe4 Qxe5 21.Bb5 f5 22.Qf3 N7f6
23.Rce1 Qd6 24.h3 Bd4 25.Qb3 Rc7 26.Kh1 Rac8 27.Ne2 Bb6 28.g3 Ne4 29.Qf3 Rc2
30.Bd3 Nd2 31.Bxd2 Rxd2 32.b3 Ne3 33.fxe3 Qxd3 34.Nf4 Qd7 35.Rc1 Rxc1 36.Rxc1 e5
37.Ng2 Qd5 38.Qxd5+ Rxd5 39.b4 Kf7 40.g4 Ke6 41.gxf5+ gxf5 42.Rc4 Rd3 43.Rh4 Bxe3
44.Nxe3 Rxe3 45.Rxh7 f4 46.Kg2 e4 47.Rxb7 f3+ 48.Kg3 Re2 49.h4 Rg2+ 50.Kh3 Rg8  0-1

[Event "TSGM Dec"]
[Site "Belgrade YUG"]
[Date "2002.12.23"]
[Round "3"]
[White "Lundin,J"]
[Black "Lopez Martinez,J"]
[Result "1/2-1/2"]
[WhiteElo "2212"]
[BlackElo "2437"]

1.d4 Nf6 2.c4 c6 3.Nc3 d5 4.Nf3 dxc4 5.a4 Bf5 6.e3 e6 7.Bxc4 Bb4 8.O-O O-O
9.Qb3 Qe7 10.Ne5 c5 11.Ne2 Nfd7 12.Nd3 Bxd3 13.Qxd3 Nc6 14.b3 Rfd8 15.Bb2 Qh4
16.f4 Nf6 17.Rad1 cxd4 18.Nxd4 Bc5 19.Qe2 Nxd4 20.exd4 Bb6 21.Qf3 Rab8 22.h3 Rd7
23.Kh1 Rbd8 24.Bb5 Rc7 25.Rd2 Qh5 26.g4 Qd5 27.Kg2 Qe4 28.Bc4 Rcd7 29.Rfd1 a6
30.Bd3 Qd5 31.g5 Qxf3+ 32.Kxf3 Nd5 33.Be4 g6 34.Rc2 Ne7 35.Rcd2 Ba5 36.Rd3 Nd5
37.Ba3 Bc7 38.Bc1 Bb8 39.Bd2 f5 40.gxf6 Nxf6 41.Be3 Nd5 42.Bxd5 exd5 43.h4 h5
44.Rg1 Kh7 45.Rc3 Bd6 46.Rgc1 Rf8 47.Rc8 Rf5 48.Rf1 Re7 49.Rd8 Bc7 50.Rc8 Rff7
51.Rc1 Bd6 52.R1c3 Re4 53.Rd8 Bxf4 54.Rxd5 Re6 55.Bxf4 Ref6 56.Ke3 Rxf4 57.Rc7 Rf3+
58.Ke4 Rxc7 59.Kxf3 Rc3+ 60.Ke4 Rxb3 61.Ke5 b5 62.Rd7+ Kh6 63.axb5 axb5 64.d5 b4
65.Rb7 Re3+ 66.Kf6 Rd3 67.Ke6 b3 68.d6 Re3+ 69.Kf6 Rf3+ 70.Ke7 Re3+ 71.Kf6 Rd3
72.Ke7 g5 73.hxg5+ Kxg5 74.d7 h4 75.d8=Q Rxd8 76.Kxd8 h3 77.Rxb3 Kg4 78.Rb2 Kg3
79.Ke7 h2 80.Rxh2  1/2-1/2

[Event "Open A"]
[Site "Bethune FRA"]
[Date "2002.12.29"]
[Round "6"]
[White "Lazarev,V"]
[Black "Cappon,J"]
[Result "1-0"]
[WhiteElo "2477"]
[BlackElo "2175"]

1.d4 d5 2.c4 c6 3.Nf3 Nf6 4.Nc3 dxc4 5.a4 Bf5 6.Ne5 e6 7.f3 Bb4 8.e4 Bxe4
9.fxe4 Nxe4 10.Bd2 Qxd4 11.Nxe4 Qxe4+ 12.Qe2 Bxd2+ 13.Kxd2 Qd5+ 14.Kc2 Na6
15.Nxc4 O-O 16.Qe5 Rac8 17.Kb3 Rfd8 18.Be2 Qxg2 19.Rhg1 Qh3+ 20.Rg3 Qh6 21.Rag1 g6
22.Nd6 Rc7 23.Bxa6 bxa6 24.Ne4 Rb7+ 25.Ka2 Rdb8 26.Nf6+ Kf8 27.Nd7+ Rxd7
28.Qxb8+ Ke7 29.Qb4+ Ke8 30.Qc5 Qxh2 31.Qxc6 Qd2 32.Rb3 Kf8 33.Rb8+ Kg7 34.Qc8 Qd5+
35.Ka1 Kh6 36.Qf8+ Kh5 37.Qg7 f5 38.Qxg6+  1-0